LEADER 00808nam a2200217 i 4500 001 000000143286 003 CaOOAMICUS 005 20050928000000.0 008 050928s1943 it u000 u ita u 013 $a118644 040 $aSeMil$bita 100 1 $aMarchesi, Concetto <1878-1957>.$0(OLS)http://semarc/name/1401 245 10$aLetteratura romana /$cConcetto Marchesi. 250 $a7. edizione rinnovata. 260 $aMilano ; Messina :$bG. Principato,$c1943. 300 $a333 p. ;$c20 cm. 850 $aSeMil 852 $aSeMil$W1$xVenegono$y1$m206 20 *$j96402$B96402$CSeMilBibl$Z2$F103583 $81 961 $aRecupero: Biblioteca Seminario Saronno 996 $6245$aLetteratura romana$9(OLS)http://semarc/title/209713 996 $6260$aMilano ; Messina :$bG. Principato$9(OLS)http://semarc/publisher/30300 LEADER 01434nam a2200313 i 4500 001 000000332705 003 CaOOAMICUS 005 20190306150052.0 008 190306s1997 it u000 u fre u 013 $a122996 020 $a2-228-88194-5 040 $aSeMil$bita 100 1 $aFreud, Sigmund,$d<1856-1939>.$0(OLS)http://semarc/name/2936 240 10$aZur Psychopathologie des Alltagslebens.$0(OLS)http://semarc/title/421730 245 10$aPsychopathologie de la vie quotidienne /$cSigmund Freud ; traduit de l'allemand par Serge Jankélévitch. 260 $aParis :$bPayot,$c1997, stampa 2000. 300 $a316 p. ;$c20 cm. 490 0 $aPetite bibliothèque Payot ;$v11 650 4$aPsicopatologie.$0(OLS)http://semarc/subject/48185 650 4$aDisturbi della memoria.$0(OLS)http://semarc/subject/48203 650 4$aFreud, Sigmund <1856-1939> - Psicanalisi.$0(OLS)http://semarc/subject/26966 700 1 $aJankelevitch, Samuel <1869-1951>.$0(OLS)http://semarc/name/34595 830 0$aPetite bibliothèque Payot ;$v11.$0(OLS)http://semarc/title/42629 850 $aSeMil 852 $aSeMil$W1$xVenegono$y1$m2O I 516$j211379$B224908$CSeMilBibl$Z2$F224908 $81 996 $6020$a2-228-88194-5$9(OLS)http://semarc/number/286690 996 $6245$aPsychopathologie de la vie quotidienne$9(OLS)http://semarc/title/421732 996 $6260$aParis :$bPayot$9(OLS)http://semarc/publisher/29980